Anuario Estadistico de Cuba 1976
Enregistré dans:
| Format: | Livre |
|---|---|
| Langue: | espagnol |
| Publié: |
Habana
Comite Estatal de Estadisticas
1976
|
| Tags: |
Pas de tags, Soyez le premier à ajouter un tag!
|
MARC
| LEADER | 00000nam a2200000 4500 | ||
|---|---|---|---|
| 001 | c142336 | ||
| 005 | 20041019155324.5 | ||
| 041 | 0 | |a spa | |
| 044 | |a CU | ||
| 245 | 1 | 0 | |a Anuario Estadistico de Cuba 1976 |
| 264 | 1 | |a Habana |b Comite Estatal de Estadisticas |c 1976 | |
| 300 | |a 238, 63, 14 s. | ||